header

Therapy to go (Record no. 35858)

MARC details
000 -LEADER
fixed length control field 01395nam a2200349Ia 4500
082 04 - DEWEY DECIMAL CLASSIFICATION NUMBER
Classification number 618.92/89
100 1# - MAIN ENTRY--AUTHOR NAME
Personal name Rosoman, Clare.
245 10 - TITLE STATEMENT
Title Therapy to go
260 ## - PUBLICATION, DISTRIBUTION, ETC. (IMPRINT)
Place of publication London ;
-- Philadelphia :
Name of publisher Jessica Kingsley Pub.,
Year of publication 2008.
300 ## - PHYSICAL DESCRIPTION
Number of Pages 251 p. :
Other physical details ill.
490 1# - SERIES STATEMENT
Series statement JKP resource materials
650 #0 - SUBJECT ADDED ENTRY--TOPICAL TERM
Topical Term Child psychiatry
Topical Term Adolescent psychiatry
Topical Term Family psychotherapy
Topical Term Patient education.
856 40 - ELECTRONIC LOCATION AND ACCESS
Uniform Resource Identifier http://site.ebrary.com/lib/rucke/Doc?id=10251449

No items available.

© 2026 Rongo University
Contact us: librarian | system librarian | Rongo university